000 00737nam a22002057a 4500
005 20131218145905.0
010 _aENG-108891
020 _a9788189972608
_c1550.00
035 _aEN-92424
037 _bDBAD/PUB
082 _a333.95160954
100 _aPatro, Lingaraj
245 _aInnovations in life sciences /
_cby Lingaraj Patro [and] Manish Chandra Verma
260 _aNew Delhi
_bManglam Publishers and Distributors
_c2012
270 _aL-21/1, Street No.5, Shivaji Marg, Near Kali Mandir, J.P. Nagar, Kartar Nagar , West Ghonda
_bNew Delhi
_e110053
300 _a433p.
_c23cm(Hb)
500 _aIncludes bibliographical references
700 _aVerma, Manish Chandra
942 _2ddc
_cEN
_mPAT
_h333.95160954
999 _c81235
_d81235